[Event "World-chT Rapid"]
[Site "Dusseldorf"]
[Date "2023.08.28"]
[Round "12"]
[White "Ndirangu, Joyce Nyaruai"]
[Black "Pheng, Sophia"]
[Result "1-0"]
[WhiteElo "1719"]
[BlackElo "1128"]
[PlyCount "69"]
[EventDate "2023.08.26"]
[EventType "team-swiss (rapid)"]
[EventRounds "12"]
[EventCountry "GER"]
[SourceTitle "CBM 215 Extra"]
[Source "ChessBase"]
[SourceDate "2023.09.30"]
[SourceVersion "1"]
[SourceVersionDate "2023.09.30"]
[SourceQuality "1"]
[WhiteTeam "Kenya Commercial Bank"]
[BlackTeam "Lausanne Ecole Polytechnique"]
[WhiteTeamCountry "KEN"]
[BlackTeamCountry "SUI"]

1. e4 e5 2. Nf3 Nc6 3. Bb5 Nf6 4. Nc3 Bb4 5. 0-0 d6 6. d4 0-0 7. Bxc6 bxc6 8. dxe5 dxe5 9. Qxd8 Rxd8 10. Nxe5 Bb7 11. f3 Re8 12. Nd3 Ba5 13. Bg5 Nd7 14. Rfd1 f6 15. Bf4 c5 16. Nb5 Rec8 17. a4 a6 18. Na3 Bb6 19. Kh1 Re8 20. Nc4 Ba7 21. Bxc7 Rac8 22. Nd6 Rxc7 23. Nxe8 Rc6 24. Nf4 Bc8 25. Nd6 Ne5 26. Nxc8 Rxc8 27. Ne6 Nc6 28. Rd6 Bb8 29. Rd7 Re8 30. Nxg7 Rf8 31. Rad1 Be5 32. c3 h6 33. Nf5 h5 34. Rg7+ Kh8 35. Rdd7 1-0

[Event "World-chT Rapid"]
[Site "Dusseldorf"]
[Date "2023.08.28"]
[Round "11"]
[White "Pheng, Sophia"]
[Black "Ozols, Andris"]
[Result "0-1"]
[WhiteElo "1128"]
[BlackElo "1490"]
[PlyCount "56"]
[EventDate "2023.08.26"]
[EventType "team-swiss (rapid)"]
[EventRounds "12"]
[EventCountry "GER"]
[SourceTitle "CBM 215 Extra"]
[Source "ChessBase"]
[SourceDate "2023.09.30"]
[SourceVersion "1"]
[SourceVersionDate "2023.09.30"]
[SourceQuality "1"]
[WhiteTeam "Lausanne Ecole Polytechnique"]
[BlackTeam "FIDE Management Board"]
[WhiteTeamCountry "SUI"]

1. e4 c5 2. Nc3 a6 3. f4 b5 4. Nf3 Bb7 5. d3 e6 6. Qe2 Be7 7. g3 Nf6 8. Bg2 0-0 9. b3 Nc6 10. Bb2 d5 11. exd5 Nxd5 12. Nxd5 exd5 13. Ne5 Re8 14. 0-0 Bf6 15. Rab1 Qd6 16. Rfe1 Re7 17. c4 d4 18. Bxc6 Bxc6 19. Qh5 Bxe5 20. fxe5 Qe6 21. Re2 Rae8 22. Rbe1 Ba8 23. Bc1 Qc6 24. Rf1 f6 25. exf6 Qh1+ 26. Kf2 Qg2+ 27. Ke1 Rxe2+ 28. Qxe2 Qxe2# 0-1

[Event "World-chT Rapid"]
[Site "Dusseldorf"]
[Date "2023.08.26"]
[Round "4.15"]
[White "Pheng, Sophia"]
[Black "Ahn, Anastasia"]
[Result "1-0"]
[WhiteElo "1128"]
[BlackElo "1592"]
[PlyCount "50"]
[EventDate "2023.08.26"]
[EventType "team-swiss (rapid)"]
[EventRounds "12"]
[EventCountry "GER"]
[SourceTitle "CBM 215 Extra"]
[Source "ChessBase"]
[SourceDate "2023.09.30"]
[SourceVersion "1"]
[SourceVersionDate "2023.09.30"]
[SourceQuality "1"]
[WhiteTeam "Lausanne Ecole Polytechnique"]
[BlackTeam "Aachen"]
[WhiteTeamCountry "SUI"]
[BlackTeamCountry "GER"]

1. e4 c5 2. Nc3 Nc6 3. f4 g6 4. Nf3 Bg7 5. Bc4 e6 6. 0-0 Nge7 7. d3 0-0 8. Qe1 d5 9. Bb3 a6 10. a3 b5 11. Ne2 Bb7 12. c3 Rc8 13. Ba2 Qc7 14. e5 f6 15. d4 fxe5 16. dxe5 c4 17. Bb1 Rcd8 18. Qh4 Nf5 19. Bxf5 exf5 20. Ng5 h6 21. Ne6 Qb6+ 22. Kh1 d4 23. Nxf8 Kxf8 24. cxd4 Rd7 25. Be3 Ne7 1-0

[Event "World-chT Rapid"]
[Site "Dusseldorf"]
[Date "2023.08.26"]
[Round "2.15"]
[White "Pheng, Sophia"]
[Black "Moeller, Lisa Marie"]
[Result "0-1"]
[WhiteElo "1128"]
[BlackElo "1899"]
[PlyCount "83"]
[EventDate "2023.08.26"]
[EventType "team-swiss (rapid)"]
[EventRounds "12"]
[EventCountry "GER"]
[SourceTitle "CBM 215 Extra"]
[Source "ChessBase"]
[SourceDate "2023.09.30"]
[SourceVersion "1"]
[SourceVersionDate "2023.09.30"]
[SourceQuality "1"]
[WhiteTeam "Lausanne Ecole Polytechnique"]
[BlackTeam "Wensing & Poebel"]
[WhiteTeamCountry "SUI"]
[BlackTeamCountry "GER"]

1. e4 c5 2. Nc3 e6 3. f4 a6 4. Nf3 b5 5. d3 Bb7 6. b3 Nc6 7. Bb2 Qc7 8. Qd2 d6 9. Be2 Nf6 10. 0-0 Be7 11. g3 Rc8 12. Rfe1 0-0 13. Rac1 Rfd8 14. Bf1 d5 15. e5 Nd7 16. Bg2 b4 17. Nd1 c4 18. c3 bxc3 19. Bxc3 Qb6+ 20. d4 cxb3 21. Rb1 Qa7 22. Rxb3 Nb6 23. Ne3 Rb8 24. Reb1 Nd7 25. Qb2 Ba8 26. Qc1 Rxb3 27. Rxb3 Rb8 28. Qb1 Rb6 29. Bf1 a5 30. Bd3 g6 31. h4 a4 32. Rb2 Qb8 33. h5 Rxb2 34. Qxb2 Qxb2 35. Bxb2 gxh5 36. Bb5 a3 37. Bc3 Nb6 38. Kg2 Nb4 39. Bxb4 Bxb4 40. Nc2 Be7 41. Kh3 Nc4 42. g4 0-1